ბათუმის შოთა რუსთაველის სახელმწიფო უნივერსიტეტის ბიბლიოთეკა

სამედიცინო მიკრობიოლოგია : (ბიბ.ჩანაწერი № 57225)

000 -ლიდერი
ფიქსირებული სიგრძის საკონტროლო ველი 01458nam a22002657a 4500
003 - საკონტროლო ნომრის იდენტიფიკატორი
საკონტროლო ველი Ge_BSU
005 - ბოლო ოპერაციის თარიღი და დრო
საკონტროლო ველი 20200121162139.0
008 - ფიქსირებული სიგრძის მონაცემთა ელემენტები - ზოგადი ინფორმაცია
ფიქსირებული სიგრძის საკონტროლო ველი 200121s2008 ge ||||| |||| 00| 0 geo d
020 ## - წიგნის საერთაშორისო სტანდარტული ნომერი
International Standard Book Number 978994100574
041 ## - ენის კოდი
Language code of text/sound track or separate title geo
080 ## - უნივერსალური ათობითი კლასიფიკაციის ინდექსი
Universal Decimal Classification number 579.61(075.8) გ-60
100 ## - მთავარი ჩანაწერი - პიროვნების სახელი
Personal name გოგიჩაძე, გიორგი
9 (RLIN) 6276
245 ## - ცნობა სათაურის შესახებ
Title სამედიცინო მიკრობიოლოგია :
Remainder of title სახელმძღვ. სამედ. პროფილის სტუდენტებისათვის /
Statement of responsibility, etc გიორგი გოგიჩაძე ; [რედ. მ. ჩიჯავაძე, დ. ფირცხალაიშვილი].
250 ## - გამოცემის ცნობა
Edition statement მე-2 შესწ. და გადამუშ. გამოც.
264 ## - წარმოების, გამოცემის, დისტრიბუციის და სხვა ცნობები
გამოცემის, წარმოების, დისტრიბუციის... ადგილი თბ. :
გამოცემის, წარმოების, დისტრიბუციის... სახელწოდება მერიდიანი,
გამოცემის, წარმოების, დისტრიბუციის... თარიღი 2008.
300 ## - ფიზიკური აღწერა
Extent 468 გვ. :
Other physical details ნახ., ცხრ. ;
Dimensions 29 სმ..
500 ## - ზოგადი შენიშვნა
General note საძიებლები: გვ. 441-448.
501 ## - შენიშვნა თანმხლებ მასალაზე
With note მოკლე განმარტებითი ლექსიკონი: გვ. 449-467.
504 ## - BIBLIOGRAPHY, ETC. NOTE
Bibliography, etc ბიბლიოგრ.: გვ. 468.
653 ## - INDEX TERM--UNCONTROLLED
Uncontrolled term სამედიცინო მიკრობიოლოგია
653 ## - INDEX TERM--UNCONTROLLED
Uncontrolled term მედიცინა
700 ## - ADDED ENTRY--PERSONAL NAME
Personal name ჩიჯავაძე, მ.
Relator term რედაქტორი
9 (RLIN) 6280
700 ## - ADDED ENTRY--PERSONAL NAME
Personal name ფირცხალაიშვილი, დ.
Relator term რედაქტორი
9 (RLIN) 6281
942 ## - ADDED ENTRY ELEMENTS (KOHA)
Source of classification or shelving scheme
Koha item type წიგნი
ეგზემპლარები
ჩამოწერის სტატუსი დაკარგული ეგზემპლარის სტატუსი კლასიფიკაციის წყარო ან თაროზე გაწყობის სქემა დაზიანების სტატუსი არ გაიცემა მუდმივი მდებარეობა (დაცვის ადგილი) ამჟამინდელი ადგილსამყოფელი თაროზე განთავსების ადგილი შეძენის თარიღი ღირებულება, შესყიდვის ნორმალური ფასი სრული შენახვის შიფრი შტრიხკოდი ბოლო ოპერაციის თარიღი ეგზემპლარის მიმდევრობითი ნომერი (კეტერი?) ფასის ძალაში შესვლის თარიღი ეგზემპლარის სახეობა საჯარო შენიშვნა
          ბათუმის შოთა რუსთაველის სახელმწიფო უნივერსიტეტის მთავარი ბიბლიოთეკა ბათუმის შოთა რუსთაველის სახელმწიფო უნივერსიტეტის მთავარი ბიბლიოთეკა წიგნსაცავი 2020-01-21 25.00 579.61(075.8) გ-60 3572 2020-01-21 3572 2020-01-21 წიგნი 25 ლ.